000 01027nam a22002177a 4500
999 _c8500
_d8500
003 AR-CdUCM
008 190325b ||||| |||| 00| 0 spa d
020 _a9789588436630
040 _aMUNICIPALIDAD PROVINCIAL DEL CUSCO
_cBIBLIOTECA MUNICIPAL DEL CUSCO
082 _a302.485986 /
_bG88
100 _aGuevara Corral, Rubén Darío
_923823
245 _aDesplazados entre dos fuegos :
_bGuerra y paz en Florida, Valle del Cauca, Colombia /
260 _aCalí :
_bBonaventuriana,
_c2011.
300 _a120 páginas ;
_bgráficos ;
_c23.5 cm.
505 _aContenido: El desplazamiento forzado -- El camino recorrido -- Aspectos generales del municipio de Florida -- Violencia y desplazamiento -- Síntesis histórica de la violencia en Florida -- Características generales de las familias desplazadas ...
650 _aConflictos sociales -- La Florida - Colombia
_923824
650 _aViolencia - Colombia
_923825
650 _aCambios sociales - Violencia - Colombia
_923826
942 _2ddc
_cLIBROS
945 _alccs